| 000 | 00340nam a22001337a 4500 | ||
|---|---|---|---|
| 008 | 171102b xxu||||| |||| 00| 0 eng d | ||
| 020 | _a928081060-X | ||
| 041 | _aeng | ||
| 080 | _a339.9 | ||
| 100 | _a59 | ||
| 101 | _aGLO | ||
| 245 |
_aGLOBALIZATION AND THE SUSTAINABILITY OF CITIES IN THE ASIA PACIFIC REGION _cLO,F,CH |
||
| 942 |
_2udc _cBK |
||
| 999 |
_c37174 _d37174 |
||